000 005630000a22001810004500
003 MACL
005 20160331120611.0
008 160331b xxu||||| |||| 00| 0 eng d
040 _aMACL
_cMACL
041 _aHindi
082 _a200
100 _aयादव देव नारायण
_949140
245 _aवाल्‍मीकि-रामायण में गृहस्‍थ जीवन
260 _aवाराणसी
_bकला प्रकाशन
_c2010
350 _a400
650 _aधर्म
_949141
942 _cHIN
_k200
_2ddc
999 _c47791
_d47791